Villes hôtes des Jeux olympiques d'été - Statistiques

Statistiques générales
  • Ce quiz a été pris 123 fois
  • Le résultat moyen est 24 sur 30
Statistiques - réponses
Année Villes hôtes % Correct
1900 Paris
98%
1924 Paris
98%
2024 Paris
98%
1896 Athènes
96%
2004 Athènes
96%
1908 Londres
96%
1948 Londres
96%
2012 Londres
96%
1964 Tokyo
95%
2020 Tokyo
95%
2008 Pékin
94%
1936 Berlin
91%
2016 Rio de Janeiro
89%
1932 Los Angeles
87%
1984 Los Angeles
87%
1980 Moscou
85%
1960 Rome
83%
2000 Sydney
82%
1968 Mexico
75%
1992 Barcelone
73%
1996 Atlanta
71%
1988 Séoul
68%
1972 Munich
63%
1976 Montréal
61%
1912 Stockholm
61%
1928 Amsterdam
60%
1952 Helsinki
52%
1956 Melbourne
49%
1920 Anvers
40%
1904 St. Louis
38%
Aucun quiz correspondant
Distribution des résultats
% des personnes avec chaque résultat
Percentile par nombre de réponses
Votre historique - résultats
Vous n’avez pas pris ce quiz